'K' Blitz Quiz Stats

Quiz Updated Sep 8, 2016

Also try: 'L' Blitz
Challenge
Share
Tweet
Embed
Score 0/40 Timer 04:00
19 Plays Today
Category Answer % Correct
US StateKansas
93.4%
Unit of Weight/MassKilogram
90.1%
Winnie the Pooh CharacterKanga
83%
MarsupialKoala
79.8%
Body OrganKidney
79.2%
South Park CharacterKyle
75%
(US) Football PositionKicker
74.8%
MuppetKermit the Frog
73.5%
Clue(do) RoomKitchen
73.4%
Temperature ScaleKelvin
71.6%
African CountryKenya
67.3%
Type of EnergyKinetic
66.8%
US PresidentKennedy
64.5%
Asian CountryKyrgyzstan
63.4%
Nirvana MemberKurt Cobain
63.2%
Greek LetterKappa
62.7%
Boat PartKeel
60.8%
Rolling StoneKeith Richards
57.5%
Quentin Tarantino MovieKill Bill
56.9%
Springfield Inhabitant (The Simpsons)Krusty the Clown
56.4%
Category Answer % Correct
ElementKrypton
56.3%
Original 'Star Trek' SpeciesKlingon
55.6%
Flightless BirdKiwi
53.7%
VegetableKale
50.9%
Olympic Water EventKayak
50.8%
Shakespeare TragedyKing Lear
46.7%
'Seven Summits' MountainKilimanjaro
46.6%
Heavenly VirtueKindness
45.1%
European CountryKosovo
44.2%
Capital CityKabul
43.6%
Book of the BibleKings
43.5%
Triwizard CompetitorKrum
41.3%
Schwarzenegger MovieKindergarten Cop
40.9%
Oceania CountryKiribati
33.8%
Russian Leader (post 1917)Khrushchev
26.1%
2D ShapeKite
26%
Sonic the Hedgehog CharacterKnuckles
22.1%
Robert Louis Stevenson NovelKidnapped
21.5%
Oscar Best PictureKramer vs. Kramer
16.9%
DreamWorks Animated MovieKung Fu Panda
8.3%

You're not logged in!

Compare scores with friends on all Sporcle quizzes.
Sign Up with Email
OR
Log In

You Might Also Like...

Show Comments

Extras

Top Quizzes Today


Score Distribution

Your Account Isn't Verified!

In order to create a playlist on Sporcle, you need to verify the email address you used during registration. Go to your Sporcle Settings to finish the process.